Countries visited by Reuben Schmitz and Pim Hugo - Statistics

General Stats
  • This quiz has been taken 18 times
  • The average score is 14 of 16
Answer Stats
Continent Country % Correct
Europe Belgium
100%
Africa Egypt
100%
Europe France
100%
Europe Germany
100%
Europe Switzerland
100%
North America United States
100%
South America Argentina
91%
Oceania Australia
91%
Europe Italy
82%
Europe Netherlands
82%
Asia United Arab Emirates
82%
Asia India
73%
Asia Saudi Arabia
73%
Asia Singapore
73%
Asia Jordan
64%
Europe Luxembourg
64%
No matching quizzes found
Score Distribution
Percent of People with Each Score
Percentile by Number Answered
Your Score History
You have not taken this quiz